Commentario del codice e delle leggi di procedura civile / (Record no. 108136)

MARC details
000 -LEADER
campo de control de longitud fija 00858nam a2200169 i 4500
001 - NÚMERO DE CONTROL
campo de control 108136
003 - IDENTIFICADOR DE NÚMERO DE CONTROL
campo de control ES-MaACL
005 - FECHA Y HORA DE LA ÚLTIMA TRANSACCIÓN
campo de control 20230906184603.0
007 - CAMPO FIJO DE DESCRIPCIÓN FÍSICA--INFORMACIÓN GENERAL
campo de control de longitud fija t|
008 - DATOS DE LONGITUD FIJA--INFORMACIÓN GENERAL
campo de control de longitud fija 070124m19041909it ||||1| ita d
100 1# - ENTRADA PRINCIPAL--NOMBRE DE PERSONA
Nombre de persona Mortara, Lodovico.
9 (RLIN) 83712
245 10 - MENCIÓN DEL TÍTULO
Título Commentario del codice e delle leggi di procedura civile /
Mención de responsabilidad, etc. Ludovico Mortara.
260 ## - PUBLICACIÓN, DISTRIBUCIÓN, ETC.
Lugar de publicación, distribución, etc. Milano :
Nombre del editor, distribuidor, etc. Francesco Vallardi,
Fecha de publicación, distribución, etc. 1904-1909.
300 ## - DESCRIPCIÓN FÍSICA
Extensión 5 v. ;
Dimensiones 24 cm.
505 8# - NOTA DE CONTENIDO CON FORMATO
Nota de contenido con formato Contiene: V. I. Teoria e sistema de la giurisdizione - V.II. Della competenza; I principii generalli della procedura - V. III. La conziliazione; Il compromesso; Il procedimento di dichiarazione in prim istanza. - V. IV. Il procedimento di dichiarazione in prima istanza (fine); Il mezzi per impugnare le sentenze - V. V. Dell' esecuzione forzata sui beni; Dei procedimenti speciali
852 ## - LOCALIZACIÓN
Ubicación ES-MaACL
Número de control de estantería D-3397-401
Holdings
Estatus retirado Estado de pérdida Estado de daño No para préstamo Biblioteca de origen Biblioteca actual Ubicación en estantería Fecha de adquisición Fuente de adquisición Total de préstamos Signatura topográfica completa Código de barras Visto por última vez Precio de reemplazo Tipo de ítem Koha
        Biblioteca del Ateneo de Madrid Biblioteca del Ateneo de Madrid Sala Valle Inclán 17/01/2008     D-3397-401 901112841 23/02/2023 23/02/2023 Libro impreso